[Event "Kragero op-B"]
[Site "Kragero"]
[Date "2020.02.22"]
[Round "7"]
[White "Loberg, Eivind"]
[Black "Aasen, Joakim"]
[Result "0-1"]
[WhiteElo "1420"]
[BlackElo "1745"]
[PlyCount "120"]
[EventDate "2020.02.19"]
[EventType "swiss"]
[EventRounds "9"]
[EventCountry "NOR"]
[SourceTitle "CBM 195 Extra"]
[Source "ChessBase"]
[SourceDate "2020.05.31"]
[SourceVersion "1"]
[SourceVersionDate "2020.05.31"]
[SourceQuality "1"]

1. d4 Nf6 2. Bf4 d5 3. e3 c5 4. c3 Nc6 5. Nd2 Qb6 6. Qb3 c4 7. Qc2 e6 8. Ngf3 Be7 9. b3 cxb3 10. axb3 Bd7 11. h3 Rc8 12. Qd1 0-0 13. Bd3 Bd8 14. 0-0 Bc7 15. Ne5 Be8 16. Ndf3 Ne4 17. Qc2 f6 18. Bxe4 dxe4 19. Nc4 Qb5 20. Bxc7 exf3 21. Bg3 Bg6 22. Qd1 fxg2 23. Kxg2 Rfd8 24. Kg1 Qf5 25. Qg4 Qd5 26. Rfe1 Bh5 27. e4 Qxc4 28. bxc4 Bxg4 29. hxg4 b6 30. f4 Rd7 31. d5 exd5 32. cxd5 Na5 33. Re3 Kf8 34. Rd3 Rc5 35. Ra4 Rc4 36. Rxc4 Nxc4 37. Kf2 a5 38. Ke1 a4 39. Bf2 Nb2 40. Rd1 Nxd1 41. Kxd1 a3 42. Kc2 a2 43. Kb2 Ra7 44. Ka1 Ra4 45. Bxb6 Rxe4 46. Kxa2 Rxf4 47. Kb3 Ke7 48. c4 Kd6 49. Kb4 Rxg4 50. Kb5 h5 51. Bc5+ Kd7 52. Bb6 Rg5 53. Be3 h4 54. Bxg5 fxg5 55. Kb6 h3 56. c5 h2 57. c6+ Kc8 58. d6 h1Q 59. d7+ Kd8 60. c7+ Kxd7 0-1